=LDR 00000nam 2200000 4500 =001 INLIS000000000033185 =005 20130612135144 =008 ***********************************ind** =035 ##$$0010-061300000033185 =041 ##$$a ind =082 ##$$a F Rom K =090 ##$$a F Rom K, Sal m =100 ##$$a Salsa, Putri =245 ##$$a My candy, Putri Salsa; Penyunting, Dadan Ramadhan =260 ##$$a 2009 $b Bandung =300 ##$$a 110hlm, ilus, 20 cm =650 ##$$a Bacaan Kanak-Kanak =700 ##$$a Ramadhan, Dadan =850 ##$$a NBPNMAT